000 00286nam a2200097Ia 4500
008 220214s9999 xx 000 0 und d
245 0 _aMites on arecanut and their control
260 _bLeaflet No.2 Issued by The Indian Central Arecanut Committee, Kozhikode
300 _a3p
942 _cRE
999 _c46404
_d46404